| 000 | 00924nam a2200217Ii 4500 | ||
|---|---|---|---|
| 003 | JO-AjNU | ||
| 008 | 230605s9999||||xx |||||||||||||| ||und|| | ||
| 040 |
_aJO-AjNU _bara _erda _cJO-AjNU |
||
| 041 | _aara | ||
| 050 | 1 | 4 | _aGV436.H3722 1987 |
| 100 | 3 |
_aتاليف ابراهيم، هاشم، م.مشارك برهم، عبد المنعم, _eauthor _921148 |
|
| 245 | 0 | 0 | _aدليل الأنماط والمواصفات الجسمية |
| 250 | _aط1 | ||
| 264 | 3 | 1 | _aعمان : هاشم برهم، 1987 |
| 300 |
_a102ص _b صور توضبحية |
||
| 336 |
_atext _btxt _2rdacontent |
||
| 337 |
_aunmediated _bn _2rdamedia |
||
| 338 |
_avolume _bnc _2rdacarrier |
||
| 490 | 0 | _aسلسلة كتاب اليوم الرياضي | |
| 650 | 4 |
_aالالعاب الرياضية- دراسة ةتعليم-التربية البدنية- دراسة وتعليم- التمرينات الرياضية- التدريب الرياضي _921149 |
|
| 999 |
_aA7298 _c10866 _d10866 |
||